World Capitals starting with K - Sudden Death - Statistics

General Stats
  • This quiz has been taken 95 times
    92 since last reset
  • The average score is 9 of 11
Answers on the Grid
Answers color-coded by a green-red scale on the quiz's grid according to % correct below.
Karachi
Khartoum
Kanpur
Kowloon
Kota Bharu
Kingstown
Kingston
Kabul
Kawasaki
Kaifeng
Komodo
Kalyan
Kolkata
Kigali
Karaj
Koeln
Kathmandu
Kazal
Khulna
Kiev
Kuwait City
Kosovo
Kumasi
Kinshasa
Kano
Kampala
Kunshan
Kuala Lumpur
 
Answer Stats
Answer % Correct
Kiev
89%
Kabul
87%
Kingston
87%
Kuala Lumpur
84%
Kingstown
83%
Kuwait City
83%
Khartoum
82%
Kinshasa
82%
Kathmandu
76%
Kampala
70%
Kigali
63%
No matching quizzes found
Score Distribution
Percent of People with Each Score
Percentile by Number Answered
Your Score History
You have not taken this quiz since the last reset